000 00407nam a2200145Ia 4500
008 240729s9999 xx 000 0 und d
022 _a2598-5892
245 0 _aYurisdiksi: Jurnal Wacana Hukum dan Sains
260 _aIndonesia
260 _bLaw Faculty Merdeka University Surabaya
650 _aLaw
856 _uhttps://doaj.org/toc/5ee9a5095cad45499661ce2913cb83ed
942 _2ddc
942 _cDOAJEJ
999 _c69585
_d69585
945 _a1
_bMadushi Gamage
_c1
_dMadushi Gamage